Entry Personal Name
Number of records used in: 1
001 - CONTROL NUMBER
003 - CONTROL NUMBER IDENTIFIER
005 - DATE AND TIME OF LATEST TRANSACTION
- control field:
20230920143342.0
008 - FIXED-LENGTH DATA ELEMENTS
- fixed length control field:
950309n| azannaabn |a aaa
010 ## - LIBRARY OF CONGRESS CONTROL NUMBER
- LC control number:
n 95023380
040 ## - CATALOGING SOURCE
- Original cataloging agency:
DLC
- Language of cataloging:
eng
- Description conventions:
rda
- Transcribing agency:
DLC
- Modifying agency:
DLC
- Modifying agency:
DLC
046 ## - SPECIAL CODED DATES
- Birth date:
1945-06-21
- Source of date scheme:
edtf
100 1# - HEADING--PERSONAL NAME
- Personal name:
Mauk, David,
- Dates associated with a name:
1945-
377 ## - ASSOCIATED LANGUAGE
400 1# - SEE FROM TRACING--PERSONAL NAME
- Personal name:
Mauk, David C.
- Fuller form of name:
(David Carcy),
- Dates associated with a name:
1945-
670 ## - SOURCE DATA FOUND
- Source citation:
His American civilization, 1995:
- Information found:
CIP t.p. (David Mauk) data sheet (Mauk, David Carcy; b. 6-21-45)
670 ## - SOURCE DATA FOUND
- Source citation:
The heart of the heartland, 2022:
- Information found:
CIP t.p. (David C. Mauk)